Level of retinopathy in type 2 diabetes mellitus and eye screening by primary care physician /
Saved in:
| Main Author: | |
|---|---|
| Format: | Thesis |
| Language: | English |
| Published: |
Bangi, Selangor :
Faculty of Medicine, Universiti Kebangsaan Malaysia,
2004
|
| Subjects: | |
| Tags: |
Add Tag
No Tags, Be the first to tag this record!
|
| LEADER | 013830000a22003130004500 | ||
|---|---|---|---|
| 008 | 140724t2004 my a f m 000 0 eng d | ||
| 040 | |a UIAM |b eng |e rda | ||
| 041 | |a eng may | ||
| 050 | 0 | |a RE661.D5 | |
| 100 | 0 | |a Khairidzan Mohd. Kamal, |e author | |
| 245 | 1 | 0 | |a Level of retinopathy in type 2 diabetes mellitus and eye screening by primary care physician / |c by Khairidzan Mohd. Kamal |
| 264 | 1 | |a Bangi, Selangor : |b Faculty of Medicine, Universiti Kebangsaan Malaysia, |c 2004 | |
| 300 | |a 93 leaves : |b illustration ; |c 30 cm. | ||
| 336 | |2 rdacontent |a text | ||
| 337 | |2 rdamedia |a unmediated | ||
| 338 | |2 rdacarrier |a volume | ||
| 500 | |a "Dissertation submitted in partial fulfilment for the degree of Master of Surgery(Opthamology)."--On titler page. | ||
| 502 | |a Thesis (M.S.(Opthamology))--Universiti Kebangsaan Malaysia, 2004 | ||
| 504 | |a Includes bibliographical references (leaves 84-88). | ||
| 546 | |a Abstract in English and Malay. | ||
| 596 | |a 6 | ||
| 650 | 0 | |a Diabetic retinopathy | |
| 650 | 0 | |a Diabetes |x Complications Treatment | |
| 650 | 0 | |a Medical screening | |
| 655 | 0 | 7 | |a Theses, non-IIUM |
| 710 | 2 | |a Universiti Kebangsaan Malaysia. |b Fakulti Perubatan | |
| 900 | |a oc-amr-hj-a jt | ||
| 999 | |c 438797 |d 469612 | ||
| 952 | |0 0 |6 T RE 000661 D5 K45L 2004 |7 0 |8 THESES |9 759832 |a KIMC |b KIMC |c CLOSEACCES |g 0.00 |o t RE 661 D5 K45L 2004 |p 11100324629 |r 2019-09-04 |t 1 |v 0.00 |y THESIS | ||
